|
|
|
|
| LEADER |
00000cam a2200000 a 4500 |
| 001 |
vtls001416518 |
| 003 |
SK-MaSNL |
| 005 |
20260302001543.0 |
| 008 |
180810s1896 hu a 00000 hun |
| 035 |
|
|
|a SNK000371278
|
| 040 |
|
|
|a SNK
|b slo
|c SNK
|e AACR2
|
| 041 |
0 |
|
|a hun
|
| 043 |
|
|
|a e-hu---
|
| 044 |
|
|
|a hu
|c HU
|
| 072 |
|
7 |
|a 903
|x Pravek
|2 konspekt
|
| 080 |
|
|
|a 903"637"
|2 2001
|
| 080 |
|
|
|a (048.8)
|2 2011
|
| 080 |
|
|
|a (439)
|2 2011
|
| 100 |
1 |
|
|a Hampel, József,
|d 1849-1913
|4 aut
|9 237850
|
| 245 |
1 |
|
|a A Bronzkor Emlékei Magyarhonban
|n 3. rész
|p áttekinttő ismertetés
|c irta Hampel József
|
| 260 |
|
|
|a Budapest
|b Az. Orsz. Rég. és Embertani Társulat Kiadványa
|c 1896
|
| 300 |
|
|
|a [4], 254, [1] s., prílohy 183-255
|b ilustrácie, nákresy
|c 8° (24x17 cm)
|
| 504 |
|
|
|a Bibliogr. odkazy, Pozn.
|
| 546 |
|
|
|a Text v maďarčine
|
| 561 |
|
|
|a Proveniencia: Peč.: Rivnyák A. könyvkötő Beszterczebánya. -- Čítací spolok Sládkovičov Radvaň. -- Rukopisná signatúra: 560,540.
|5 SVKBB: svkbbO 3538-3
|
| 563 |
|
|
|a Väzba: lepenková, potiahnutá čiernobielym mramorovaným papierom, na rohoch a chrbte spevnená oranžovým plátnom, na prednej doske štítok so signatúrou 41, na chrbte 41, 540, mramorovaná oriezka.
|5 SVKBB: svkbbO 3538-3
|
| 650 |
0 |
7 |
|a doba bronzová
|2 SNKPH
|9 79087
|
| 650 |
0 |
7 |
|a Bronze Age
|2 SNKPHeng
|9 335083
|
| 651 |
|
7 |
|a Maďarsko
|2 SNKPHgeo
|9 16754
|
| 655 |
|
7 |
|a prehľady
|2 SNKPH
|9 70194
|
| 655 |
|
7 |
|a Surveys
|2 SNKPHeng
|9 266058
|
| 700 |
1 |
|
|a Rivnyák, András
|d fmo
|9 526552
|
| 710 |
2 |
|
|a Čítací spolok (Radvaň, Slovensko)
|4 fmo
|9 290730
|
| 710 |
2 |
|
|a Franklin-Társulat, Magyar irodalmi intézet és könyvnyomda (Budapešť, Maďarsko),
|d 1873-1950
|4 prt
|9 151052
|
| 852 |
|
|
|a Štátna vedecká knižnica v Banskej Bystrici
|b Fond starých a vzácnych dokumentov
|p O 3538-3
|
| 958 |
|
|
|a ONDV
|
| 958 |
|
|
|a SKR
|
| 958 |
|
|
|a DF
|
| 999 |
|
|
|c 984331
|d 986261
|
| 952 |
|
|
|t P60, <03>, [BOOK], {603}
|a SNK
|b SNK
|y PREZ
|7 0
|p 17A0306321
|o snkSC 800/3
|0 0
|1 0
|4 0
|d 2001-07-09
|l 0
|r 2025-06-04 00:00:00
|w 2026-02-24
|